000 002480000a22000970004500
100 1 _aBurkhardt, Helmut
245 1 0 _aChristian salvation in relation to hinduism
300 _aVol. 13, Núm 2 (1995), Páginas 44-47
773 0 _tEvangel
942 _cANA
999 _c54212
_d54212